[Event "American Cup Blitz 2026"]
[Site "Saint Louis USA"]
[Date "2026.03.02"]
[Round "1.24"]
[White "Li, Rachael"]
[Black "Quesada Perez, Yasser"]
[Result "0-1"]
[WhiteTitle "WIM"]
[BlackTitle "GM"]
[WhiteElo "2358"]
[BlackElo "2562"]
[WhiteFideId "30929849"]
[BlackFideId "3509362"]
[EventDate "2026.03.02"]

1. Nf3 d5 2. b3 Bf5 3. Bb2 e6 4. g3 h6 5. Bg2 Nf6 6. O-O Be7 7. d3 Bh7 8. Nbd2
O-O 9. Re1 a5 10. a3 c5 11. e4 Nc6 12. Qe2 a4 13. Ne5 axb3 14. Nxc6 bxc6 15.
cxb3 Re8 16. Rac1 Nd7 17. Qg4 Bf6 18. e5 Be7 19. Bf1 Qc7 20. h4 Reb8 21. Qf3 Qa5
22. Red1 c4 23. dxc4 Bxa3 24. Bxa3 Qxa3 25. cxd5 cxd5 26. Qf4 Qb2 27. Rc7 Rd8
28. Nc4 Qxb3 29. Ne3 Qb2 30. Ng4 h5 31. Rd2 Qa1 32. Nf6+ Nxf6 33. exf6 Qxf6 34.
Qb4 Ra1 35. Rd4 Be4 36. Qc3 Rda8 37. Qb2 Qf3 0-1

[Event "American Cup Blitz 2026"]
[Site "Saint Louis USA"]
[Date "2026.03.02"]
[Round "1.25"]
[White "Sonis, Francesco"]
[Black "Atwell, Rose"]
[Result "1-0"]
[WhiteTitle "GM"]
[BlackTitle "FM"]
[WhiteElo "2561"]
[BlackElo "2337"]
[WhiteFideId "895733"]
[BlackFideId "30951011"]
[EventDate "2026.03.02"]

1. Nf3 Nf6 2. b3 d5 3. Bb2 Bf5 4. g3 e6 5. Bg2 h6 6. d3 Be7 7. Nbd2 O-O 8. O-O
Nbd7 9. c4 c6 10. a3 Re8 11. Rc1 Bf8 12. Qc2 Bh7 13. Rfe1 a5 14. e4 dxe4 15.
Nxe4 Nxe4 16. dxe4 Nc5 17. Bd4 e5 18. Bb2 Qd3 19. Nxe5 Qxc2 20. Rxc2 f6 21. Ng4
h5 22. Ne3 Bxe4 23. Bxe4 Rxe4 24. Rb1 Nxb3 25. Bxf6 a4 26. Bb2 Rd8 27. Kg2 Rd2
28. Rxd2 Nxd2 29. Rc1 Bc5 30. Rc2 Bxe3 31. fxe3 Nxc4 32. Kf3 Nd6 33. Bd4 Re6 34.
Bc5 b5 35. Rd2 Ne4 36. Rd8+ Kf7 37. Bd4 Ng5+ 38. Ke2 g6 39. Rb8 Ne4 40. Kd3 Nd6
41. Ra8 Nc4 42. Bc5 Kf6 43. e4 Ne5+ 44. Kc3 Kg5 45. Be3+ Kg4 46. Rf8 Kh3 47. Kd4
Kxh2 48. Bf4 Ng4 49. e5 g5 50. Bxg5 Kxg3 51. Bf4+ Kg2 52. Ke4 Re7 53. Rd8 h4 54.
Kf5 Nf2 55. Rg8+ Kf3 56. Bg5 Rf7+ 57. Kg6 Rc7 58. Bxh4 Ne4 59. e6 Nd6 60. e7 Ke4
61. Rd8 Kd5 62. Rxd6+ Kxd6 63. e8=Q Kd5 1-0

[Event "American Cup Blitz 2026"]
[Site "Saint Louis USA"]
[Date "2026.03.02"]
[Round "1.26"]
[White "Kadric, Denis"]
[Black "Sukandar, Irine Kharisma"]
[Result "1-0"]
[WhiteTitle "GM"]
[BlackTitle "IM"]
[WhiteElo "2540"]
[BlackElo "2330"]
[WhiteFideId "14403803"]
[BlackFideId "7101937"]
[EventDate "2026.03.02"]

1. e4 c5 2. Nc3 g6 3. Nge2 Bg7 4. d4 cxd4 5. Nxd4 Nc6 6. Be3 Nf6 7. Bc4 O-O 8.
Bb3 d6 9. f3 Bd7 10. h4 Qa5 11. Qd2 Rfc8 12. h5 Nxh5 13. Nde2 Ne5 14. O-O-O Nc4
15. Bxc4 Rxc4 16. g4 Nf6 17. Bh6 Bh8 18. Kb1 Qb6 19. Be3 Qa5 20. Bg5 Be6 21. a3
Rac8 22. Bxf6 Bxf6 23. Nd5 Qxd2 24. Nxf6+ exf6 25. Rxd2 f5 26. exf5 gxf5 27. g5
f4 28. Nd4 Bd5 29. Rh4 R8c7 30. Rxf4 Re7 31. b3 Rc3 32. Kb2 Rce3 33. Nf5 R7e5
34. Nxe3 1-0

[Event "American Cup Blitz 2026"]
[Site "Saint Louis USA"]
[Date "2026.03.02"]
[Round "1.27"]
[White "Zatonskih, Anna"]
[Black "Stremavicius, Titas"]
[Result "1/2-1/2"]
[WhiteTitle "IM"]
[BlackTitle "GM"]
[WhiteElo "2328"]
[BlackElo "2547"]
[WhiteFideId "14101572"]
[BlackFideId "12804444"]
[EventDate "2026.03.02"]

1. e4 e6 2. d4 d5 3. Nd2 c5 4. exd5 exd5 5. Ngf3 Nc6 6. Bb5 Qe7+ 7. Be2 Qc7 8.
O-O Nf6 9. Re1 cxd4 10. Nb3 Bb4 11. Bd2 Bxd2 12. Qxd2 O-O 13. Nfxd4 Qb6 14. Bf3
Bd7 15. c3 a5 16. Nxc6 bxc6 17. Qd4 Rfb8 18. Re2 Qxd4 19. cxd4 Rb4 20. Rd1 Rab8
21. Rdd2 a4 22. Nc5 a3 23. b3 Ra8 24. h3 Kf8 25. Re3 h5 26. Rc3 Bf5 27. Be2 Re8
28. Kf1 g6 29. f3 h4 30. Kf2 Nh5 31. Bd3 Rxd4 32. Rdc2 Bxd3 33. Rxd3 Rxd3 34.
Nxd3 Ng3 35. Nb4 d4 36. Nxc6 Nh1+ 37. Kf1 Ng3+ 38. Kf2 Nh1+ 39. Kf1 Ng3+ 40. Kf2 1/2-1/2

[Event "American Cup Blitz 2026"]
[Site "Saint Louis USA"]
[Date "2026.03.02"]
[Round "1.28"]
[White "Alexakis, Dimitris"]
[Black "Yu, Jennifer"]
[Result "1-0"]
[WhiteTitle "GM"]
[BlackTitle "FM"]
[WhiteElo "2538"]
[BlackElo "2299"]
[WhiteFideId "4277023"]
[BlackFideId "2078341"]
[EventDate "2026.03.02"]

1. e4 g6 2. d4 Bg7 3. Nc3 d6 4. Be3 a6 5. h4 h5 6. Nf3 Nd7 7. Ng5 Ngf6 8. f3 e6
9. a4 Qe7 10. a5 b5 11. axb6 cxb6 12. d5 Bb7 13. dxe6 fxe6 14. Bc4 d5 15. Ba2
O-O 16. O-O Kh8 17. exd5 Nxd5 18. Nxd5 exd5 19. Re1 Qd6 20. Bd4 Ne5 21. Qd2 Rf5
22. Re2 Raf8 23. Rae1 Rxg5 24. hxg5 Nxf3+ 25. gxf3 Qg3+ 26. Rg2 Qxf3 27. Bxg7+
Kxg7 28. Qc3+ 1-0

[Event "American Cup Blitz 2026"]
[Site "Saint Louis USA"]
[Date "2026.03.02"]
[Round "1.29"]
[White "Apaar Saxena"]
[Black "Harsha, Bharathakoti"]
[Result "0-1"]
[WhiteTitle "FM"]
[BlackTitle "GM"]
[WhiteElo "2263"]
[BlackElo "2538"]
[WhiteFideId "25937219"]
[BlackFideId "5078776"]
[EventDate "2026.03.02"]

1. d4 e6 2. c4 b6 3. Nc3 Bb7 4. Nf3 Bb4 5. g3 Nf6 6. Bg2 O-O 7. Bd2 c5 8. O-O
cxd4 9. Nxd4 Bxg2 10. Kxg2 Qc8 11. Qb3 Qb7+ 12. Nf3 Na6 13. a3 Be7 14. Qc2 Rac8
15. b3 d5 16. cxd5 Nxd5 17. Qd3 Nc5 18. Qb1 Bf6 19. Rc1 Rfd8 20. Ra2 Bxc3 21.
Bxc3 Na4 22. Ba1 Nac3 23. Bxc3 Nxc3 24. Rxc3 Rxc3 25. Rb2 h6 26. h4 Qc6 27. a4
Rc1 28. Qa2 Rdd1 29. Qa3 Rg1+ 30. Kh3 Rh1+ 31. Nh2 Rxh2+ 0-1

[Event "American Cup Blitz 2026"]
[Site "Saint Louis USA"]
[Date "2026.03.02"]
[Round "1.30"]
[White "Gazik, Viktor"]
[Black "Cervantes Landeiro, Thalia"]
[Result "1-0"]
[WhiteTitle "GM"]
[BlackTitle "FM"]
[WhiteElo "2537"]
[BlackElo "2247"]
[WhiteFideId "14928752"]
[BlackFideId "3520498"]
[EventDate "2026.03.02"]

1. e4 c5 2. Nc3 Nc6 3. Bb5 g6 4. Bxc6 dxc6 5. d3 Qc7 6. f4 Bg7 7. Nf3 Bg4 8. O-O
e6 9. e5 Bf5 10. Be3 b6 11. a4 Ne7 12. Ne4 Rd8 13. Qe2 Nd5 14. h3 h5 15. Rad1
O-O 16. Nf2 f6 17. Bc1 fxe5 18. fxe5 Qe7 19. Bg5 Qf7 20. g4 hxg4 21. hxg4 Nf4
22. Bxf4 Bxg4 23. Nxg4 Qxf4 24. Nfh2 Qd4+ 25. Kh1 Rf5 26. c3 Qxa4 27. Qg2 Rdf8
28. Rg1 Rh5 1-0

[Event "American Cup Blitz 2026"]
[Site "Saint Louis USA"]
[Date "2026.03.02"]
[Round "1.31"]
[White "Caglar, Sila"]
[Black "Kevlishvili, Robby"]
[Result "0-1"]
[WhiteTitle "WIM"]
[BlackTitle "GM"]
[WhiteElo "2215"]
[BlackElo "2527"]
[WhiteFideId "6364063"]
[BlackFideId "1040634"]
[EventDate "2026.03.02"]

1. e4 e5 2. Nf3 Nc6 3. Bc4 Bc5 4. c3 Nf6 5. d3 d6 6. a4 a6 7. O-O O-O 8. h3 h6
9. Re1 Ba7 10. Nbd2 Bd7 11. Nf1 b5 12. Bb3 b4 13. Be3 Bxe3 14. Nxe3 Rb8 15. Bc4
a5 16. Bb5 Ne7 17. Bxd7 Qxd7 18. Nc4 Ra8 19. d4 exd4 20. cxd4 Rfe8 21. b3 Ng6
22. Qc2 Nf4 23. Rad1 d5 24. Nce5 Qc8 25. exd5 N4xd5 26. Nh4 Qe6 27. Qc6 Qxc6 28.
Nxc6 Ne4 29. Nf5 f6 30. f3 Nec3 31. Ra1 Nf4 32. Nce7+ Kf7 33. Nc6 h5 34. h4 g6
35. Ne3 Re6 36. d5 Nfxd5 37. Nxd5 Nxd5 38. Rxe6 Kxe6 39. Re1+ Kd6 40. Nd4 Nc3
41. Kf2 c5 42. Ne6 Re8 43. Nf4 Rxe1 44. Kxe1 c4 45. bxc4 b3 46. Nd3 Nxa4 47. Kd2
g5 48. g3 Nc5 49. Nf2 Ke5 0-1

[Event "American Cup Blitz 2026"]
[Site "Saint Louis USA"]
[Date "2026.03.02"]
[Round "1.32"]
[White "Matviishen, Viktor"]
[Black "Antova, Gabriela"]
[Result "1-0"]
[WhiteTitle "GM"]
[BlackTitle "FM"]
[WhiteElo "2533"]
[BlackElo "2168"]
[WhiteFideId "14129850"]
[BlackFideId "2915235"]
[EventDate "2026.03.02"]

1. d4 Nf6 2. c4 e6 3. Nc3 Bb4 4. e3 b6 5. Ne2 O-O 6. a3 Be7 7. e4 d6 8. Ng3 c5
9. d5 exd5 10. exd5 Re8 11. Be2 Nbd7 12. O-O a6 13. a4 Bf8 14. Bf4 Ne5 15. Re1
g6 16. Qd2 Bg4 17. Bf1 Bg7 18. h3 Bf5 19. Nxf5 gxf5 20. Qc2 Qd7 21. Bg5 Ng6 22.
Bd3 f4 23. Bf5 Qb7 24. Bxg6 hxg6 25. Bxf4 Qc7 26. Qd3 Nd7 27. Qg3 Ne5 28. b3 Qd7
29. Ne4 Rad8 30. Rad1 Qf5 31. Bg5 Rd7 32. Qh4 Kf8 33. Nf6 1-0

[Event "American Cup Blitz 2026"]
[Site "Saint Louis USA"]
[Date "2026.03.02"]
[Round "1.33"]
[White "Gueci, Tea"]
[Black "Kantor, Gergely"]
[Result "0-1"]
[WhiteTitle "WIM"]
[BlackTitle "GM"]
[WhiteElo "2138"]
[BlackElo "2515"]
[WhiteFideId "872342"]
[BlackFideId "751499"]
[EventDate "2026.03.02"]

1. e4 e5 2. Nf3 Nc6 3. Bb5 a6 4. Ba4 Nf6 5. O-O Be7 6. Re1 b5 7. Bb3 O-O 8. c3
d6 9. h3 Bb7 10. d4 Re8 11. d5 Na5 12. Bc2 c6 13. dxc6 Bxc6 14. Nbd2 Qc7 15. Nf1
Nc4 16. Ng3 Bf8 17. b3 Nb6 18. Bg5 Nbd7 19. Qd2 Rac8 20. Bd3 h6 21. Bxf6 Nxf6
22. c4 Qb6 23. Nf5 bxc4 24. bxc4 Qc5 25. Nh2 Re6 26. Rab1 Nh5 27. Bf1 Kh7 28.
Ng4 Nf4 29. Kh2 h5 30. Nge3 g6 31. Ng3 h4 32. Ne2 Bxe4 33. Rb3 Bh6 34. Ng4 Bg5
35. Kg1 Nxh3+ 0-1

[Event "American Cup Blitz 2026"]
[Site "Saint Louis USA"]
[Date "2026.03.02"]
[Round "2.1"]
[White "Caruana, Fabiano"]
[Black "Dudin, Gleb"]
[Result "1-0"]
[WhiteTitle "GM"]
[BlackTitle "GM"]
[WhiteElo "2795"]
[BlackElo "2596"]
[WhiteFideId "2020009"]
[BlackFideId "34184934"]
[EventDate "2026.03.02"]

1. e4 c5 2. Nf3 d6 3. Nc3 Nf6 4. d4 cxd4 5. Qxd4 Bd7 6. b3 Nc6 7. Qd2 g6 8. Bb2
Bg7 9. O-O-O O-O 10. Kb1 Qa5 11. Bc4 Bg4 12. h3 Bxf3 13. gxf3 Rfc8 14. h4 h5 15.
Rhg1 Ne5 16. Be2 Rc7 17. f4 Neg4 18. f3 Nf2 19. Rg5 Qb6 20. Na4 Qc6 21. Bb5
N6xe4 22. fxe4 Nxe4 23. Qe2 Qxc2+ 24. Qxc2 1-0

[Event "American Cup Blitz 2026"]
[Site "Saint Louis USA"]
[Date "2026.03.02"]
[Round "2.2"]
[White "Fier, Alexandr"]
[Black "So, Wesley"]
[Result "0-1"]
[WhiteTitle "GM"]
[BlackTitle "GM"]
[WhiteElo "2572"]
[BlackElo "2753"]
[WhiteFideId "2107139"]
[BlackFideId "5202213"]
[EventDate "2026.03.02"]

1. d4 Nf6 2. c4 g6 3. Nc3 Bg7 4. e4 d6 5. Nf3 O-O 6. Be2 e5 7. O-O h6 8. Qc2 Nc6
9. dxe5 dxe5 10. Rd1 Nd4 11. Nxd4 exd4 12. Nd5 Nd7 13. Bf4 Ne5 14. Qd2 c6 15.
Nb4 a5 16. Bxe5 Bxe5 17. Nd3 Bg7 18. f4 Re8 19. Bf3 a4 20. Rac1 Be6 21. Nc5 Bc8
22. Nd3 Kh7 23. e5 Bf5 24. Nf2 f6 25. g4 Bc8 26. exf6 Qxf6 27. Ne4 Qh4 28. Qg2
Rf8 29. Qg3 Qe7 30. Rf1 Be6 31. Rce1 Rae8 32. b3 axb3 33. axb3 Qb4 34. Bg2 d3
35. Qxd3 Bxg4 36. Qg3 Bf5 37. Kh1 Re6 38. Re2 Rfe8 39. Rfe1 b5 40. Qd3 bxc4 41.
Qxc4 Qxc4 42. bxc4 Bg4 43. Re3 Bd4 44. Rd3 c5 45. Rb1 Bf5 46. Rb7+ Kh8 47. Rg3
Rxe4 0-1

[Event "American Cup Blitz 2026"]
[Site "Saint Louis USA"]
[Date "2026.03.02"]
[Round "2.3"]
[White "Aronian, Levon"]
[Black "Can, Isik"]
[Result "1-0"]
[WhiteTitle "GM"]
[BlackTitle "GM"]
[WhiteElo "2729"]
[BlackElo "2562"]
[WhiteFideId "13300474"]
[BlackFideId "6383742"]
[EventDate "2026.03.02"]

1. e4 c6 2. d4 d5 3. exd5 cxd5 4. Bd3 Nc6 5. c3 Qc7 6. h3 g6 7. Ne2 Bf5 8. Bf4
Qd7 9. O-O Bxd3 10. Qxd3 e6 11. Nd2 Bd6 12. a4 Nge7 13. a5 Nf5 14. Nb3 O-O 15.
Rfe1 b6 16. Qf3 Rab8 17. axb6 Rxb6 18. Nec1 Bxf4 19. Qxf4 Qd6 20. Qd2 Rfb8 21.
Qd1 Qc7 22. Re2 Nd6 23. Nc5 a5 24. N1d3 Nc4 25. Qc1 Qd8 26. Ra2 Rb5 27. g3 Nd6
28. h4 h5 29. Nxe6 fxe6 30. Rxe6 Kf7 31. Nf4 Ne7 32. Qc2 Ndf5 33. b4 axb4 34.
Raa6 b3 35. Rf6+ Ke8 36. Qe2 b2 37. Nxg6 b1=Q+ 38. Kh2 Qc7 39. Rf8+ Kd7 40. Qe6# 1-0

[Event "American Cup Blitz 2026"]
[Site "Saint Louis USA"]
[Date "2026.03.02"]
[Round "2.4"]
[White "Hardaway, Brewington"]
[Black "Dominguez Perez, Leinier"]
[Result "1/2-1/2"]
[WhiteTitle "GM"]
[BlackTitle "GM"]
[WhiteElo "2544"]
[BlackElo "2738"]
[WhiteFideId "30941849"]
[BlackFideId "3503240"]
[EventDate "2026.03.02"]

1. e4 e5 2. Nf3 Nc6 3. Bc4 Bc5 4. d3 Nf6 5. Nc3 a6 6. a4 d6 7. h3 h6 8. Be3 Bxe3
9. fxe3 Be6 10. b3 Na5 11. Bxe6 fxe6 12. O-O O-O 13. Qe1 Nc6 14. Qg3 Qe8 15. Rf2
Kh7 16. Raf1 Qg6 17. Qh4 Kg8 18. Nd2 Nd7 19. Nc4 Rxf2 20. Rxf2 Rf8 21. Rxf8+
Kxf8 22. Qf2+ Qf6 23. Ne2 Qxf2+ 24. Kxf2 Ke7 25. Ke1 d5 26. Nd2 Nf6 27. exd5
exd5 28. Nf3 Ke6 29. Kd2 Nd8 30. d4 Ne4+ 31. Kd1 exd4 32. Nf4+ Kd6 33. Nxd4 Ke5
34. Nf3+ Kd6 35. Nd4 Ke5 36. Nf3+ Kd6 37. Nd4 Ng5 1/2-1/2

[Event "American Cup Blitz 2026"]
[Site "Saint Louis USA"]
[Date "2026.03.02"]
[Round "2.5"]
[White "Quesada Perez, Yasser"]
[Black "Oparin, Grigoriy"]
[Result "1-0"]
[WhiteTitle "GM"]
[BlackTitle "GM"]
[WhiteElo "2562"]
[BlackElo "2658"]
[WhiteFideId "3509362"]
[BlackFideId "24125890"]
[EventDate "2026.03.02"]

1. e4 c6 2. Nc3 d5 3. Nf3 dxe4 4. Nxe4 Nf6 5. Qe2 Bg4 6. Nxf6+ gxf6 7. g3 Nd7 8.
Bg2 Ne5 9. h3 Bxf3 10. Bxf3 Nxf3+ 11. Qxf3 Qd5 12. Ke2 h5 13. d3 Bg7 14. Be3 f5
15. c4 Qxf3+ 16. Kxf3 a6 17. Rad1 b5 18. b3 Kd7 19. Rc1 e6 20. Rhd1 Rhd8 21. Bg5
Rdc8 22. d4 a5 23. d5 cxd5 24. cxd5 e5 25. g4 hxg4+ 26. hxg4 fxg4+ 27. Kxg4 a4
28. Kf5 axb3 29. axb3 Ra2 30. Be3 Rb2 31. Rxc8 Kxc8 32. Rg1 Bh6 33. Bxh6 Rxf2+
34. Kxe5 Kd7 35. Ra1 Re2+ 36. Kd4 f5 37. Ra7+ Kc8 38. d6 Rg2 39. Bf4 b4 40. Kd5 1-0

[Event "American Cup Blitz 2026"]
[Site "Saint Louis USA"]
[Date "2026.03.02"]
[Round "2.6"]
[White "Sonis, Francesco"]
[Black "Pranav, V"]
[Result "0-1"]
[WhiteTitle "GM"]
[BlackTitle "GM"]
[WhiteElo "2561"]
[BlackElo "2641"]
[WhiteFideId "895733"]
[BlackFideId "25060783"]
[EventDate "2026.03.02"]

1. e4 e5 2. Nf3 Nc6 3. Bb5 Bc5 4. O-O d6 5. c3 a6 6. Ba4 Bd7 7. d4 Ba7 8. h3
Nge7 9. d5 Nb8 10. Bc2 O-O 11. Be3 Bxe3 12. fxe3 h6 13. c4 f5 14. exf5 Bxf5 15.
Nc3 Nd7 16. Nh4 Bxc2 17. Qxc2 Nxd5 18. Nxd5 Qxh4 19. Nxc7 Rac8 20. Nd5 Rxf1+ 21.
Rxf1 Rf8 22. Rxf8+ Nxf8 23. Qf5 Qd8 24. c5 dxc5 25. Qxe5 c4 26. Ne7+ Kh8 27. Nf5
Qd1+ 28. Kh2 Qd7 29. Nxh6 b5 30. Nf5 Ng6 31. Qb8+ Kh7 32. Ng3 Qd2 33. Qb6 Qxb2
34. Qxa6 Qe5 35. Qc6 c3 36. a3 Ne7 37. Qd7 Nf5 38. Qd3 Qxg3+ 39. Kh1 Qe1+ 40.
Kh2 Qg3+ 41. Kh1 Qf2 42. Qxc3 Qxe3 43. Qc2 Qe1+ 44. Kh2 Qe5+ 45. Kh1 g6 46. Qd3
Qe1+ 47. Kh2 Qe5+ 48. Kh1 Nd4 49. Qc3 Kg7 50. Qd2 Nf5 51. Qd7+ Kh6 52. Qd2+ Qe3
53. Qb2 Nd4 54. Qb4 Qc1+ 55. Kh2 Qf4+ 56. Kh1 Ne2 57. Qc5 Qc1+ 0-1

[Event "American Cup Blitz 2026"]
[Site "Saint Louis USA"]
[Date "2026.03.02"]
[Round "2.7"]
[White "Bok, Benjamin"]
[Black "Kadric, Denis"]
[Result "1/2-1/2"]
[WhiteTitle "GM"]
[BlackTitle "GM"]
[WhiteElo "2592"]
[BlackElo "2540"]
[WhiteFideId "1017063"]
[BlackFideId "14403803"]
[EventDate "2026.03.02"]

1. d4 d6 2. Nf3 Nf6 3. c4 g6 4. g3 Bg7 5. Bg2 O-O 6. Nc3 Nbd7 7. O-O e5 8. e4
Re8 9. Re1 b6 10. b3 a6 11. Bb2 c6 12. Qc2 Bb7 13. Rad1 Qc7 14. h3 exd4 15. Nxd4
b5 16. cxb5 cxb5 17. Qd2 Nc5 18. Nd5 Qd8 19. Nxf6+ Bxf6 20. Qc2 Rc8 21. Qb1 d5
22. e5 Bxe5 23. Nc6 Rxc6 24. Rxe5 Rxe5 25. Bxe5 Re6 26. Ba1 Qe7 27. Kh2 Re2 28.
Kg1 Ne4 29. Bd4 Qb4 30. Qc1 Rd2 31. Be3 Rxd1+ 32. Qxd1 f5 33. Kh2 Qc3 34. Bd4
Qd2 35. Qa1 Nxf2 36. Bxf2 Qxf2 37. Qe5 Qb6 38. Qe8+ Kg7 39. Qe7+ Kg8 40. Qe8+
Kg7 41. Qe7+ Kg8 42. Qe8+ Kg7 43. Qe7+ Kg8 44. Qe8+ Kg7 45. Qe7+ Kg8 46. Qe8+
Kg7 1/2-1/2

[Event "American Cup Blitz 2026"]
[Site "Saint Louis USA"]
[Date "2026.03.02"]
[Round "2.8"]
[White "Akobian, Varuzhan"]
[Black "Aryan, Chopra"]
[Result "1/2-1/2"]
[WhiteTitle "GM"]
[BlackTitle "GM"]
[WhiteElo "2549"]
[BlackElo "2631"]
[WhiteFideId "13300580"]
[BlackFideId "5084423"]
[EventDate "2026.03.02"]

1. d4 d5 2. c4 dxc4 3. e3 e5 4. Bxc4 exd4 5. exd4 Bd6 6. Nf3 Nf6 7. Qe2+ Qe7 8.
Qxe7+ Kxe7 9. O-O Be6 10. Re1 Kd7 11. Bxe6+ fxe6 12. Nc3 c6 13. Bg5 Na6 14. Bxf6
gxf6 15. Re4 Nc7 16. Rae1 Rag8 17. g3 h5 18. Kf1 a5 19. a3 b5 20. Rd1 Rg4 21. h3
Rxe4 22. Nxe4 Nd5 23. Ke2 a4 24. Rc1 Rb8 25. Ne1 b4 26. Nd3 bxa3 27. bxa3 Be7
28. Rc4 Kc7 29. Nec5 Bxc5 30. Nxc5 Rb2+ 31. Kf1 h4 32. Nxe6+ Kd6 33. Ng7 hxg3
34. Nf5+ Ke6 35. Nxg3 Nf4 36. Rxc6+ Kd5 37. Rc1 Nxh3 38. Rc5+ Kxd4 39. Rf5 Ra2
40. Kg2 Nxf2 41. Rxf2 Rxf2+ 42. Kxf2 Kc3 43. Ne4+ Kb3 44. Ke3 Kxa3 45. Nc5 Kb4
46. Nxa4 Kxa4 47. Kf4 f5 48. Kxf5 1/2-1/2

[Event "American Cup Blitz 2026"]
[Site "Saint Louis USA"]
[Date "2026.03.02"]
[Round "2.9"]
[White "Woodward, Andy"]
[Black "Alexakis, Dimitris"]
[Result "1-0"]
[WhiteTitle "GM"]
[BlackTitle "GM"]
[WhiteElo "2608"]
[BlackElo "2538"]
[WhiteFideId "30953499"]
[BlackFideId "4277023"]
[EventDate "2026.03.02"]

1. d4 Nf6 2. Nf3 c5 3. d5 b5 4. Bg5 g6 5. Bxf6 exf6 6. e4 b4 7. Nbd2 Bg7 8. Nc4
O-O 9. Bd3 d6 10. Nfd2 Qc7 11. O-O Nd7 12. f4 Nb6 13. a3 f5 14. exf5 Bb7 15.
fxg6 fxg6 16. f5 gxf5 17. Qh5 Nxd5 18. Kh1 Nf6 19. Qh3 d5 20. Ne3 f4 21. Ng4 Bc8
22. Nxf6+ Bxf6 23. Qh5 Qf7 24. Qh6 Qg7 25. Qh5 Qf7 26. Qh6 Qg7 27. Qxf4 Bxb2 28.
Qd6 Bb7 29. Rae1 bxa3 30. Re7 Rxf1+ 31. Nxf1 Qf6 32. Qg3+ Kf8 33. Rxb7 a2 34.
Rb8+ Rxb8 35. Qxb8+ Kg7 36. Qxa7+ Kf8 37. Qxa2 c4 38. Be2 Bd4 39. Qa8+ Ke7 40.
Bf3 Qh4 41. Ng3 Qf4 42. Qb7+ Kf8 43. Qb1 Qe3 44. Bxd5 c3 45. Qf1+ Ke8 46. Nf5 1-0

[Event "American Cup Blitz 2026"]
[Site "Saint Louis USA"]
[Date "2026.03.02"]
[Round "2.10"]
[White "Harsha, Bharathakoti"]
[Black "Mishra, Abhimanyu"]
[Result "0-1"]
[WhiteTitle "GM"]
[BlackTitle "GM"]
[WhiteElo "2538"]
[BlackElo "2629"]
[WhiteFideId "5078776"]
[BlackFideId "30920019"]
[EventDate "2026.03.02"]

1. f4 d5 2. Nf3 Nf6 3. g3 e6 4. Bg2 b5 5. O-O Bb7 6. d3 Be7 7. Qe1 O-O 8. e4 c5
9. e5 Nfd7 10. Nc3 b4 11. Ne2 Nc6 12. g4 Ba6 13. Ng3 Qc7 14. h4 Nd4 15. Qf2
Nxf3+ 16. Qxf3 Bxh4 17. g5 Bxg3 18. Qxg3 c4 19. d4 c3 20. Rf2 cxb2 21. Bxb2 g6
22. a3 Rfb8 23. axb4 Rxb4 24. c3 Rb6 25. Ba3 Rab8 26. Bb4 Bc4 27. Bf3 Rxb4 28.
cxb4 Rxb4 29. Rc2 Qb6 30. Qf2 a5 31. Kg2 a4 32. f5 exf5 33. e6 fxe6 34. Qg3 Qxd4
35. Re1 e5 36. Rd1 Qc5 37. Rxc4 Rb2+ 38. Kh3 dxc4 39. Rxd7 Rb3 40. Qg2 Qe3 41.
Rd8+ Kg7 42. Rd7+ Kf8 0-1

[Event "American Cup Blitz 2026"]
[Site "Saint Louis USA"]
[Date "2026.03.02"]
[Round "2.11"]
[White "Durarbayli, Vasif"]
[Black "Gazik, Viktor"]
[Result "0-1"]
[WhiteTitle "GM"]
[BlackTitle "GM"]
[WhiteElo "2612"]
[BlackElo "2537"]
[WhiteFideId "13402935"]
[BlackFideId "14928752"]
[EventDate "2026.03.02"]

1. e4 c5 2. Nf3 Nf6 3. e5 Nd5 4. Nc3 Nxc3 5. dxc3 Nc6 6. Bf4 Qb6 7. b3 e6 8. Qd2
h6 9. h4 Qc7 10. O-O-O a6 11. h5 b5 12. Rh4 Bb7 13. Bg3 Ne7 14. Bd3 Nd5 15. c4
Nb4 16. Kb2 Nxd3+ 17. Qxd3 Bc6 18. Nd2 Rb8 19. Ne4 bxc4 20. Qxc4 Rb4 21. Qe2 c4
22. Nd6+ Bxd6 23. exd6 Qa5 24. Rxc4 Rxc4 25. Qxc4 Qxh5 26. Rd4 O-O 27. Qxa6 Ra8
28. Qd3 Bxg2 29. a4 Bc6 30. Qc3 f6 31. Rc4 Qh1 32. f4 Kf7 33. Bf2 h5 34. Rc5 Qg2
35. Be1 Qf3 36. Qc4 Bd5 37. Qd4 Rb8 38. Rb5 Rc8 39. Bc3 h4 40. f5 h3 41. fxe6+
Bxe6 42. Bd2 h2 0-1

[Event "American Cup Blitz 2026"]
[Site "Saint Louis USA"]
[Date "2026.03.02"]
[Round "2.12"]
[White "Kevlishvili, Robby"]
[Black "Cordova, Emilio"]
[Result "1-0"]
[WhiteTitle "GM"]
[BlackTitle "GM"]
[WhiteElo "2527"]
[BlackElo "2494"]
[WhiteFideId "1040634"]
[BlackFideId "3801497"]
[EventDate "2026.03.02"]

1. e4 c5 2. Nf3 Nc6 3. d4 cxd4 4. Nxd4 Qb6 5. Nb3 e6 6. Nc3 a6 7. a3 Qc7 8. Bd3
b5 9. O-O Bb7 10. Qe2 Be7 11. f4 d6 12. Bd2 Bf6 13. Kh1 Nge7 14. Rae1 Nd4 15.
Nxd4 Bxd4 16. f5 O-O 17. Qg4 Qc8 18. Bg5 Nc6 19. e5 Bxe5 20. f6 g6 21. Qh4 h5
22. Bh6 Nd4 23. Qg5 Nf5 24. Bxf5 exf5 25. Bg7 Qc6 26. Ne4 Bxf6 27. Bxf6 Kh7 28.
Rf4 Rae8 29. Rh4 1-0

[Event "American Cup Blitz 2026"]
[Site "Saint Louis USA"]
[Date "2026.03.02"]
[Round "2.13"]
[White "Kantor, Gergely"]
[Black "Lodici, Lorenzo"]
[Result "0-1"]
[WhiteTitle "GM"]
[BlackTitle "GM"]
[WhiteElo "2515"]
[BlackElo "2590"]
[WhiteFideId "751499"]
[BlackFideId "884189"]
[EventDate "2026.03.02"]

1. e4 e5 2. Nf3 Nc6 3. Bc4 Nf6 4. d3 Be7 5. a4 O-O 6. O-O d6 7. a5 Rb8 8. Nc3 h6
9. Bd2 Bg4 10. h3 Bh5 11. Nd5 Nxd5 12. Bxd5 Qd7 13. g4 Bg6 14. Kh1 Kh8 15. Rg1
Nd8 16. Be3 c6 17. Bb3 Ra8 18. Qd2 Ne6 19. Rg3 Bh7 20. h4 f6 21. Rag1 g5 22. Rh3
Kg7 23. Rg2 d5 24. hxg5 hxg5 25. Rgh2 Rh8 26. exd5 cxd5 27. Qe2 Bg6 28. Rxh8
Rxh8 29. Rxh8 Kxh8 30. Nh2 Kg7 31. Bxa7 Nf4 32. Qe3 d4 33. Qf3 Qb5 34. Bb6 Qb4
35. Qd1 Bc5 36. Bxc5 Qxc5 37. Qf3 Qb4 38. Nf1 e4 39. dxe4 Qe1 40. Kg1 Bxe4 0-1